मध्यओत्तर भारत के लोक नाट्य एवं न्रत्य / (Record no. 112115)

MARC details
000 -LEADER
fixed length control field 01236nam a22002657a 4500
005 - DATE AND TIME OF LATEST TRANSACTION
control field 20170124102934.0
010 ## - LIBRARY OF CONGRESS CONTROL NUMBER
LC control number A-753300
020 ## - INTERNATIONAL STANDARD BOOK NUMBER
Terms of availability 50.00
035 ## - SYSTEM CONTROL NUMBER
System control number A-753300
037 ## - SOURCE OF ACQUISITION
Source of stock number/acquisition Cen Lib/Ret
040 ## - CATALOGING SOURCE
Original cataloging agency DPL
Language of cataloging HN
082 ## - DEWEY DECIMAL CLASSIFICATION NUMBER
Classification number 793.31
Item number अर्जुन
100 ## - MAIN ENTRY--PERSONAL NAME
Personal name अर्जुनदास केसरी
9 (RLIN) 42803
245 ## - TITLE STATEMENT
Title मध्यओत्तर भारत के लोक नाट्य एवं न्रत्य /
Statement of responsibility, etc अर्जुनदास केसरी [मोहन लाल बाबुलकर
246 ## - VARYING FORM OF TITLE
Title proper/short title madhyotter bharat ke lok natya evam nrtya
Remainder of title by Arjundass Kesri [evam] Mohan lal Babulkar
260 ## - PUBLICATION, DISTRIBUTION, ETC. (IMPRINT)
Place of publication, distribution, etc वाराणसी
Name of publisher, distributor, etc सूर्यकाल बाजपेयी
Date of publication, distribution, etc 1993
270 ## - ADDRESS
Address के.46/203,हरतीरथ
City वाराणसी
300 ## - PHYSICAL DESCRIPTION
Extent 96पृष्ठ. :
Other physical details चित्र.
Dimensions 20सेमी (सजिल्द )
650 ## - SUBJECT ADDED ENTRY--TOPICAL TERM
Topical term or geographic name as entry element हिंदी साहित्य
9 (RLIN) 45975
650 ## - SUBJECT ADDED ENTRY--TOPICAL TERM
Topical term or geographic name as entry element हिंदी नाटक
9 (RLIN) 45976
650 ## - SUBJECT ADDED ENTRY--TOPICAL TERM
Topical term or geographic name as entry element Hindi literature
9 (RLIN) 45977
650 ## - SUBJECT ADDED ENTRY--TOPICAL TERM
Topical term or geographic name as entry element Hindi drama
9 (RLIN) 45978
700 ## - ADDED ENTRY--PERSONAL NAME
Personal name बाबुलकर, मोहन लाल
9 (RLIN) 45979
942 ## - ADDED ENTRY ELEMENTS (KOHA)
Source of classification or shelving scheme Dewey Decimal Classification
Koha item type Hindi Books
Classification part 793.31
Call number suffix अर्जुन
Holdings
Withdrawn status Lost status Damaged status Not for loan Home library Current library Date acquired Source of acquisition Cost, normal purchase price Total Checkouts Full call number Barcode Date last seen Copy number Cost, replacement price Price effective from Koha item type
        Central Library Central Library 07/08/2015 Cen Lib/Ret 50.00   793.31 अर्जुन A-753300 07/08/2015 1 50.00 07/08/2015 Hindi Books

© Delhi Public Library
Hit Counter
free hit counter